Price controls in the Indian economy : papers and proceedings of a National Seminar on Price Controls (Record no. 348869)

000 -LEADER
fixed length control field 00456cam a22001217a 4500
008 - FIXED-LENGTH DATA ELEMENTS--GENERAL INFORMATION
fixed length control field 180718b1984 xxu||||| |||| 00| 0 eng d
082 ## - DEWEY DECIMAL CLASSIFICATION NUMBER
Classification number T123x54 K959
245 ## - TITLE STATEMENT
Title Price controls in the Indian economy : papers and proceedings of a National Seminar on Price Controls
Statement of responsibility, etc. edited by G.B. Kulkarni
260 ## - PUBLICATION, DISTRIBUTION, ETC.
Place of publication, distribution, etc. Pune
Name of publisher, distributor, etc. The Times Research Foundation
Date of publication, distribution, etc. 1984
300 ## - PHYSICAL DESCRIPTION
Extent 262p.
650 ## - SUBJECT ADDED ENTRY--TOPICAL TERM
Topical term or geographic name entry element Prices --Government policy --India --Congresses
700 ## - ADDED ENTRY--PERSONAL NAME
Personal name Kulkarni, G.B.
Holdings
Withdrawn status Lost status Damaged status Not for loan Permanent Location Current Location Date acquired Full call number Barcode Date last seen Price effective from Koha item type
        Indian Institute of Public Administration Indian Institute of Public Administration 1993-10-27 T123x54 K959 60528 2018-07-21 2018-07-21 Book

Powered by Koha